Pablo VI al encuentro de las grandes religiones.
Shranjeno v:
| Glavni avtor: | |
|---|---|
| Format: | Neznan |
| Izdano: |
Bilbao, España:
Desclée De Brouwer,
2001.
|
| Serija: | Religiones en Diálogo. Instrumentos
|
| Teme: | |
| Oznake: |
Označite
Brez oznak, prvi označite!
|
MARC
| LEADER | 00000 a2200000 4500 | ||
|---|---|---|---|
| 003 | CL-VaPUC | ||
| 005 | 20230324122131.0 | ||
| 008 | 221019t2001 ||||| |||| 00| 0 eng d | ||
| 999 | |c 438873 |d 438871 | ||
| 020 | |a 84-330-1559-1 | ||
| 040 | |c Pontificia Universidad Católica de Valparaíso | ||
| 082 | 7 | |a 261 HER 2001 |2 22 | |
| 100 | |a Hera Buedo, Eduardo De La |9 876831 |e autor | ||
| 245 | |a Pablo VI al encuentro de las grandes religiones. | ||
| 260 | |a Bilbao, España: |b Desclée De Brouwer, |c 2001. | ||
| 300 | |a 273 páginas. | ||
| 490 | |a Religiones en Diálogo. |a Instrumentos |n 12. | ||
| 583 | |k Cristina María Rojas Aguilar |c 20221019 | ||
| 600 | 0 | |a Pablo VI |q (Paulo VI), |c Papa |d 1897-1978 |9 482790 | |
| 650 | |a Cristianismo y otras religiones |9 316777 | ||
| 942 | |2 ddc |c BK | ||
| 952 | |0 0 |1 0 |2 ddc |4 0 |6 261_000000000000000_HER_2001 |7 0 |8 A |9 587356 |a BIBTEO |b BIBTEO |c GEN |d 2022-10-18 |e 3 |g 19109.00 |i 5655255 |o 261 HER 2001 |p 5655255 |r 2025-01-17 |t 1 |v 19109.00 |w 2022-10-18 |y BK |k ICR | ||